| 000 | 01202nam a2200385Ia 4500 | ||
|---|---|---|---|
| 001 | dia_6524 | ||
| 003 | CHAP | ||
| 005 | 20251021155456.0 | ||
| 008 | 220117s2015 xx 000 0 und d | ||
| 010 | _a177596 | ||
| 020 | _a978-84-362-6975-8 | ||
| 040 | _cCHAP | ||
| 082 | _a641.1 M36 2015 | ||
| 245 |
_aManual de alimentación : planificación alimentaria / _c Socorro Coral Calvo Bruzos...[et al.] |
||
| 260 |
_aEspaña : _b UNED, _c2015 |
||
| 300 | _a566 p. | ||
| 440 |
_aCiencias de la salud _9161615 |
||
| 503 | _aC. | ||
| 504 | _aIncluye bibliografías | ||
| 590 | _aTX357 M36 2015 | ||
| 650 |
_aDietética _9154900 |
||
| 650 |
_aDietetics _9154901 |
||
| 650 |
_aEating habits _9161616 |
||
| 650 |
_aFood security _9147369 |
||
| 650 |
_aHábitos alimentarios _9161617 |
||
| 650 |
_aNutrición _982246 |
||
| 650 |
_aNutrition _9147888 |
||
| 650 |
_aSeguridad de los alimentos _9147372 |
||
| 700 |
_aCalvo Bruzos, Socorro Coral, coaut. _9161618 |
||
| 710 |
_aUniversidad Nacional de Educación a Distancia _9161619 |
||
| 901 | _a641.1 M36 2015 | ||
| 902 | _aM | ||
| 905 | _a5232272015 sp aimn8223223322spa16 | ||
| 942 |
_cLIBRO _2ddc |
||
| 999 |
_c177596 _d177596 |
||